Pittsburgh Penguins Leaders - Statistics

General Stats
  • This quiz has been taken 98 times
    40 since last reset
  • The average score is 48 of 100
Answer Stats
Stat Number Answer % Correct
Most Goals 690 Mario Lemieux
100%
Most Assists 1033 Mario Lemieux
100%
Most Points 1723 Mario Lemieux
100%
Most Games Played 915 Mario Lemieux
100%
Most Game Winning Goals 74 Mario Lemieux
100%
Most Goals 634 Sidney Crosby
100%
Most Assists 1107 Sidney Crosby
100%
Most Points 1761 Sidney Crosby
100%
Most Games Played 1420 Sidney Crosby
100%
Most Game Winning Goals 104 Sidney Crosby
100%
Most Goals 533 Evgeni Malkin
93%
Most Assists 874 Evgeni Malkin
93%
Most Points 1407 Evgeni Malkin
93%
Most Games Played 1269 Evgeni Malkin
93%
Most Game Winning Goals 89 Evgeni Malkin
93%
Most Games Played (Goalie) 691 Marc-André Fleury
87%
Most Wins 375 Marc-André Fleury
87%
Most Shutouts 44 Marc-André Fleury
87%
Best Career Save Percentage .912 Marc-André Fleury
87%
Best Career Goals Against Average 2.58 Marc-André Fleury
87%
Most Assists 628 Kris Letang
80%
Most Points 806 Kris Letang
80%
Most Games Played 1235 Kris Letang
80%
Most Game Winning Goals 36 Kris Letang
80%
Most Goals 439 Jaromír Jágr
77%
Most Assists 640 Jaromír Jágr
77%
Most Points 1079 Jaromír Jágr
77%
Most Games Played 806 Jaromír Jágr
77%
Most Game Winning Goals 78 Jaromír Jágr
77%
Most Games Played (Goalie) 199 Matt Murray
70%
Most Wins 117 Matt Murray
70%
Most Shutouts 11 Matt Murray
70%
Best Career Save Percentage .914 Matt Murray
70%
Best Career Goals Against Average 2.67 Matt Murray
70%
Most Goals 232 Bryan Rust
67%
Most Points 502 Bryan Rust
67%
Most Games Played 710 Bryan Rust
67%
Most Game Winning Goals 34 Bryan Rust
67%
Most Assists 449 Ron Francis
63%
Most Points 613 Ron Francis
63%
Most Goals 219 Jake Guentzel
60%
Most Game Winning Goals 31 Jake Guentzel
60%
Most Games Played (Goalie) 307 Tristan Jarry
60%
Most Wins 161 Tristan Jarry
60%
Most Shutouts 22 Tristan Jarry
60%
Best Career Save Percentage .909 Tristan Jarry
60%
Best Career Goals Against Average 2.74 Tristan Jarry
60%
Most Assists 332 Paul Coffey
43%
Most Games Played (Goalie) 460 Tom Barrasso
43%
Most Wins 226 Tom Barrasso
43%
Most Shutouts 22 Tom Barrasso
43%
Most Game Winning Goals 28 Chris Kunitz
33%
Most Goals 260 Kevin Stevens
33%
Most Assists 295 Kevin Stevens
33%
Most Points 555 Kevin Stevens
33%
Most Game Winning Goals 27 Kevin Stevens
33%
Most Wins 58 Casey DeSmith
23%
Most Shutouts 9 Casey DeSmith
23%
Best Career Save Percentage .912 Casey DeSmith
23%
Best Career Goals Against Average 2.81 Casey DeSmith
23%
Most Goals 316 Jean Pronovost
23%
Most Points 603 Jean Pronovost
23%
Most Games Played 753 Jean Pronovost
23%
Most Game Winning Goals 42 Jean Pronovost
23%
Most Goals 312 Rick Kehoe
20%
Most Assists 324 Rick Kehoe
20%
Most Points 636 Rick Kehoe
20%
Most Games Played 722 Rick Kehoe
20%
Best Career Save Percentage .898 Alex Nedeljkovic
17%
Best Career Goals Against Average 3.05 Alex Nedeljkovic
17%
Best Career Save Percentage .899 Al Smith
17%
Best Career Goals Against Average 3.07 Al Smith
17%
Most Games Played (Goalie) 212 Ken Wregget
17%
Most Wins 104 Ken Wregget
17%
Most Shutouts 6 Ken Wregget
17%
Best Career Save Percentage .898 Ken Wregget
17%
Most Goals 185 Mike Bullard
17%
Most Games Played 703 Brooks Orpik
13%
Most Games Played (Goalie) 290 Denis Herron
13%
Most Wins 88 Denis Herron
13%
Most Shutouts 6 Denis Herron
13%
Most Games Played (Goalie) 168 Jean-Sébastien Aubin
13%
Most Wins 63 Jean-Sébastien Aubin
13%
Most Shutouts 6 Jean-Sébastien Aubin
13%
Best Career Save Percentage .901 Jean-Sébastien Aubin
13%
Best Career Goals Against Average 2.96 Jean-Sébastien Aubin
13%
Most Shutouts 7 Johan Hedberg
13%
Best Career Save Percentage .901 Johan Hedberg
13%
Best Career Goals Against Average 2.86 Johan Hedberg
13%
Most Games Played (Goalie) 196 Les Binkley
13%
Most Wins 58 Les Binkley
13%
Most Shutouts 11 Les Binkley
13%
Best Career Goals Against Average 3.12 Les Binkley
13%
Most Games Played 621 Ron Stackhouse
13%
Most Games Played (Goalie) 135 Greg Millen
10%
Most Wins 57 Greg Millen
10%
Most Games Played (Goalie) 151 Michel Dion
10%
Most Assists 349 Syl Apps
10%
Best Career Save Percentage .899 Jim Rutherford
7%
Best Career Goals Against Average 3.14 Jim Rutherford
7%
No matching quizzes found
Score Distribution
Percent of People with Each Score
Percentile by Number Answered
Your Score History
You have not taken this quiz since the last reset